Manual de derecho comercial

Αποθηκεύτηκε σε:
Λεπτομέρειες βιβλιογραφικής εγγραφής
Κύριος συγγραφέας: Olavarría Avila, Julio (autor)
Μορφή: Βιβλίο
Γλώσσα:Ισπανικά
Έκδοση: Santiago Jurídica de Chile 1956
Έκδοση:2a. ed
Σειρά:Manuales Jurídicos, 29-31
Θέματα:
Ετικέτες: Προσθήκη ετικέτας
Δεν υπάρχουν, Καταχωρήστε ετικέτα πρώτοι!

MARC

LEADER 00000nam a2200000 a 4500
001 UCY0753
003 CL-VaPUC
008 940812e19560000CL |||||||||||||||||spa|d
082 0 4 |a 346.07  |b OLA  |2 21 
100 |a Olavarría Avila, Julio  |e autor  |9 768686 
245 1 0 |a Manual de derecho comercial 
250 |a 2a. ed 
300 |a 3 v 
942 |c BK 
945 |d 19940812 00:00:00  |a aalvarez 
260 |a Santiago  |b Jurídica de Chile  |c 1956 
650 0 |a Derecho comercial   |9 256340 
651 7 |a CHILE  |2 CL-VaPUC  |9 328581 
583 |a last modification  |c 19940812 00:00:00  |k Rodrigo Vera 
490 0 |a Manuales Jurídicos, 29-31 
999 |c 229676  |d 229674 
952 |0 0  |1 0  |4 0  |6 346_070000000000000_OLA_1956  |7 0  |8 P  |9 231099  |a BIBDER  |b BIBDER  |d 2019-11-15  |h v.1  |i 300600K  |o 346.07 OLA 1956  |p 300600K  |r 2023-01-25  |w 2019-11-15  |y BK  |k DER 
952 |0 0  |1 0  |4 0  |6 346_070000000000000_OLA_1956  |7 0  |8 P  |9 231101  |a BIBDER  |b BIBDER  |d 2019-11-15  |h v.2  |i 3005992  |o 346.07 OLA 1956  |p 3005992  |r 2023-01-25  |w 2019-11-15  |y BK  |k DER 
952 |0 0  |1 0  |4 0  |6 346_070000000000000_OLA_1956  |7 0  |8 P  |9 231102  |a BIBDER  |b BIBDER  |d 2019-11-15  |h v.3  |i 3005976  |o 346.07 OLA 1956  |p 3005976  |r 2023-01-25  |w 2019-11-15  |y BK  |k DER